Bioinformatics methods and applications (Record no. 756009)
[ view plain ]
| 000 -LEADER | |
|---|---|
| fixed length control field | 00475nam a22001577a 4500 |
| 020 ## - INTERNATIONAL STANDARD BOOK NUMBER | |
| ISBN | `9798893640175 |
| 082 ## - DEWEY DECIMAL CLASSIFICATION NUMBER | |
| Classification number | 572.80285 KEN/B |
| 100 ## - MAIN ENTRY--AUTHOR NAME | |
| Personal name | Kennedy, Harlan |
| 245 ## - TITLE STATEMENT | |
| Title | Bioinformatics methods and applications |
| 260 ## - PUBLICATION, DISTRIBUTION, ETC. (IMPRINT) | |
| Place of publication | USA |
| Name of publisher | Callisto reference |
| Year of publication | 2025 |
| 300 ## - PHYSICAL DESCRIPTION | |
| Number of Pages | 230p. |
| 650 ## - SUBJECT ADDED ENTRY--TOPICAL TERM | |
| Topical Term | Bioinformatics |
| 856 ## - ELECTRONIC LOCATION AND ACCESS | |
| Uniform Resource Identifier | https://www.amazon.in/Bioinformatics-Methods-Applications-Harlan-Kennedy/dp/B0FH673FZ9 |
| 942 ## - ADDED ENTRY ELEMENTS (KOHA) | |
| Source of classification or shelving scheme | Dewey Decimal Classification |
| Koha item type | Book |
| Withdrawn status | Lost status | Source of classification or shelving scheme | Damaged status | Not for loan | Home Library | Current Location | Date acquired | Full call number | Accession Number | Price effective from | Koha item type |
|---|---|---|---|---|---|---|---|---|---|---|---|
| Dewey Decimal Classification | Dept. of Computational Biology and Bioinformatics | Dept. of Computational Biology and Bioinformatics | 09/02/2026 | 572.80285 KEN/B | DCB 4427 | 09/02/2026 | Book |
